[Event "FRA-ch Acc"]
[Site "Montpellier"]
[Date "1991.??.??"]
[Round "1"]
[White "Alet, Jean Perre"]
[Black "Badii, Madjid"]
[Result "1/2-1/2"]
[WhiteElo "2290"]
[BlackElo "2210"]

1.c4 c5 2.Nc3 Nf6 3.Nf3 e6 4.g3 b6 5.Bg2 Bb7 6.O-O d6 7.Re1 Be7 8.e4 Nbd7
9.d3 Qc7 10.Qe2 a6 11.a4 O-O 12.b3 Ne5 13.Bb2 Nfd7 14.Rad1 Bf6 15.Qc2 Bc6
16.Ne2 Qb7 17.Nf4 b5 18.Rb1 Rab8 19.axb5 axb5 20.Nh5 Nxf3+ 21.Bxf3 Bxb2 22.Qxb2 e5
23.g4 g6 24.Ng3 f5 25.Qd2 f4 26.Ne2 g5 27.b4 cxb4 28.Rxb4 Nf6 29.Nc3 Bd7
30.Qe2 Qc8 31.Nd5 Nxd5 32.exd5 bxc4 33.Rxc4 Qb7 34.Rec1 Rfc8 35.Kg2 Bb5 36.Rc6 Bxc6
37.dxc6 Qc7 38.Bd5+ Kg7 39.Be6 Rd8 40.Qe4 Rf8 41.Kf3 Rb2 42.Qc4 Rf6 43.Bf5 Rb6
44.Qd5 h5 45.h3 Rb2 46.Qc4 hxg4+ 47.Bxg4 Rf7 48.Bh5 Rf6 49.Bg4 Qb6 50.d4 Rb4
51.Qc2 Qc7 52.dxe5 dxe5 53.Qc5 Rb6 54.Bd7 Rf7 55.Kg4 Rxd7 56.cxd7 Qxd7+ 57.Kf3 Qxh3+
58.Ke4 Qe6 59.Qxe5+ Qxe5+ 60.Kxe5 Rb5+ 61.Ke4 Kg6 62.Rc6+ Kh5 63.Rc4 Kg4
64.f3+ Kg3 65.Rc3 Rb8 66.Kf5 Rg8 67.Ra3 Kh4 68.Ra1 Rf8+ 69.Ke4 Re8+ 70.Kf5 Kg3
71.Kxg5 Kxf3 72.Ra3+ Re3 73.Ra4 Re5+ 74.Kh4 Re8 75.Ra3+ Kf2 76.Kg4  1/2-1/2

[Event "FRA-ch Acc"]
[Site "Montpellier"]
[Date "1991.??.??"]
[Round "2"]
[White "Mercier, Jean Pierre"]
[Black "Schabanel, Stephane"]
[Result "0-1"]
[WhiteElo "2225"]
[BlackElo "2235"]

1.Nf3 Nf6 2.c4 c5 3.Nc3 d5 4.cxd5 Nxd5 5.g3 Nc6 6.Bg2 Nc7 7.a3 g6 8.b4 Bg7
9.bxc5 Ne6 10.Bb2 Nxc5 11.Na4 Bxb2 12.Nxb2 e5 13.d3 Be6 14.O-O O-O 15.Qc1 Nb3
16.Qh6 Nxa1 17.Ng5 Re8 18.Bh3 Qf6 19.Bxe6 fxe6 20.Qxh7+ Kf8 21.f4 e4 22.Qxb7 Kg8
23.Qh7+ Kf8 24.Qb7 Kg8 25.Nxe4 Qd4+ 26.e3 Rab8 27.Qxc6 Qxb2 28.d4 Qc2 29.Qxc2 Nxc2
30.Nf6+ Kf7 31.Nxe8 Kxe8 32.e4 Nxd4 33.Rd1 Nb5 34.a4 Nc3 35.Rd6 Rb6 36.Rxb6 axb6  0-1

[Event "FRA-ch Acc"]
[Site "Montpellier"]
[Date "1991.??.??"]
[Round "5"]
[White "Cerisier, Philippe"]
[Black "Daillet, Emmanuel"]
[Result "1/2-1/2"]
[WhiteElo "2285"]
[BlackElo "2295"]

1.Nf3 Nf6 2.c4 g6 3.Nc3 c5 4.d4 cxd4 5.Nxd4 Bg7 6.e4 Nc6 7.Be3 O-O 8.Be2 d6
9.O-O Bd7 10.Qd2 Nxd4 11.Bxd4 Bc6 12.f3 Nd7 13.Be3 a5 14.b3 Nc5 15.Rab1 Qb6
16.Rfc1 Rfc8 17.Bf1 Qb4 18.Rc2 a4 19.Nd5 Qxd2 20.Bxd2 axb3 21.axb3 Bd4+ 22.Be3 Bxe3+
23.Nxe3 Ra3 24.Rcb2 Rca8 25.Nc2 R3a7 26.Nd4 Bd7 27.b4 Na4 28.Rc2 e5 29.Nb3 Be6
30.Rd1 Ra6 31.Na5 Rb6 32.c5 dxc5 33.bxc5 Rb4 34.Nc4 Nxc5 35.Nxe5 Nb3 36.Nd3 Rd4
37.Rb1 b5 38.Ne5 Nd2 39.Rbb2 Nc4 40.Bxc4 bxc4 41.Nc6 Rd3 42.Ne7+ Kg7 43.Nd5 Bxd5
44.exd5 Ra1+ 45.Kf2 c3 46.Ra2 Rad1 47.Ke2 Rxd5 48.Rxc3  1/2-1/2

[Event "FRA-ch Acc"]
[Site "Montpellier"]
[Date "1991.??.??"]
[Round "6"]
[White "Bouton, Christophe"]
[Black "Bauer, Christian"]
[Result "0-1"]
[WhiteElo "2260"]
[BlackElo "2100"]

1.c4 c5 2.Nf3 Nf6 3.Nc3 d5 4.cxd5 Nxd5 5.g3 Nc6 6.Bg2 Nc7 7.d3 e5 8.O-O Be7
9.Nd2 Bd7 10.Nc4 f6 11.a4 O-O 12.f4 exf4 13.gxf4 Ne6 14.f5 Ned4 15.Be4 Qe8
16.Bd5+ Kh8 17.e4 Ne5 18.Bf4 Bd8 19.b3 Bc7 20.Ne2 Bc6 21.Bxc6 Ndxc6 22.Ra2 Rd8
23.Rd2 Qh5 24.Nc1 Qh3 25.Nxe5 Bxe5 26.Rf3 Qh5 27.Qf1 Nd4 28.Rg3 Qf7 29.Bxe5 fxe5
30.Qd1 a6 31.Rdg2 Rg8 32.Qg4 Rd6 33.Rh3 h6 34.Kh1 b5 35.axb5 axb5 36.Ra2 Nxb3
37.Ne2 Nd4 38.Nxd4 Qxa2 39.Ne6 Qb1+ 40.Kg2 Qc2+ 41.Kh1 Rxd3 42.Rxd3 Qxd3
43.h4 c4 44.Kh2 Qd2+ 45.Kh3 Qd7 46.Qg6 Ra8 47.h5 Qd3+  0-1

[Event "FRA-ch Acc"]
[Site "Montpellier"]
[Date "1991.??.??"]
[Round "8"]
[White "Gouret, Thierry"]
[Black "Alet, Jean Perre"]
[Result "1-0"]
[WhiteElo "2240"]
[BlackElo "2210"]

1.c4 c5 2.Nf3 Nf6 3.Nc3 e6 4.g3 d5 5.cxd5 Nxd5 6.Bg2 Nc6 7.O-O Be7 8.d4 O-O
9.e4 Nb6 10.dxc5 Qxd1 11.Rxd1 Bxc5 12.Bf4 f6 13.Rac1 e5 14.Nb5 Bxf2+ 15.Kxf2 exf4
16.gxf4 a5 17.Bf1 a4 18.a3 Ra5 19.Ke3 g5 20.Nd6 gxf4+ 21.Kxf4 Kh8 22.Nxc8 Rxc8
23.Nd4 Ne5 24.Rxc8+ Nxc8 25.Nf5 Nc6 26.Rd7 Rc5 27.Rxb7 N8a7 28.h4 Kg8 29.Be2 Re5
30.Bc4+ Kh8 31.Bd5 Re8 32.Rc7 Ne5 33.Rxa7 h5 34.Rxa4 Nd3+ 35.Ke3 Nxb2 36.Ra8 Rxa8
37.Bxa8 Nc4+ 38.Kd4 Nxa3 39.Ng3 Nb5+ 40.Ke3 Nc7 41.Bd5  1-0

[Event "FRA-ch Acc"]
[Site "Montpellier"]
[Date "1991.??.??"]
[Round "9"]
[White "Hartereau, Philippe"]
[Black "Wagner, Claude"]
[Result "1-0"]
[WhiteElo "2300"]
[BlackElo "2280"]

1.Nf3 c5 2.c4 Nf6 3.Nc3 b6 4.e4 d6 5.d4 cxd4 6.Nxd4 Bb7 7.f3 e6 8.Be3 a6
9.Be2 Nbd7 10.O-O Be7 11.Qd2 O-O 12.Rfd1 Re8 13.Bf1 Rc8 14.Rac1 Qc7 15.b3 Qb8
16.Qf2 Bd8 17.Nde2 Bc7 18.g4 Ne5 19.Ng3 h6 20.Be2 Bc6 21.a4 Qb7 22.h4 Ned7
23.g5 hxg5 24.hxg5 Nh7 25.b4 Qb8 26.f4 a5 27.b5 Ba8 28.Rd2 Nc5 29.Rcd1 Nb3
30.Rb2 Nc5 31.Bg4 Rcd8 32.Rbd2 Nb3 33.Re2 Nc5 34.Qf1 Nd7 35.Red2 Ndf8 36.Qh3 d5
37.e5 dxc4 38.Bd4 Qb7 39.Nge4 Rd5 40.Rh2 Red8 41.Nf6+ gxf6 42.gxf6 Bxe5 43.Qh6 Bxf6
44.Bxf6  1-0

[Event "Moscow6"]
[Site "Moscow"]
[Date "1991.??.??"]
[Round "?"]
[White "Donchenko, Anatoly G"]
[Black "Totsky, Leonid"]
[Result "1/2-1/2"]
[WhiteElo "2370"]
[BlackElo "2440"]

1.Nf3 Nf6 2.c4 c5 3.Nc3 e6 4.e3 d5 5.d4 Nc6 6.a3 a6 7.dxc5 Bxc5 8.Be2 O-O
9.b4 Bd6 10.Bb2 dxc4 11.Bxc4 b5 12.Be2 Bb7 13.O-O Rc8 14.Rc1 Qe7 15.Qb3 Bb8
16.a4 bxa4 17.Nxa4 Nxb4 18.Bd4 Bd6 19.Nb6 Rxc1 20.Rxc1 Rb8 21.Ne5 Bd5 22.Qa4 Qb7  1/2-1/2

[Event "Moscow7 op"]
[Site "Moscow"]
[Date "1991.??.??"]
[Round "?"]
[White "Chekhov, Valery A"]
[Black "Demina, Julia"]
[Result "1/2-1/2"]
[WhiteElo "2525"]
[BlackElo "2405"]

1.c4 c5 2.Nf3 Nf6 3.Nc3 e6 4.e3 d5 5.d4 Nc6 6.cxd5 exd5 7.Be2 cxd4 8.Nxd4 Bd6
9.O-O O-O 10.b3 Be5 11.Nxc6 bxc6 12.Bb2 Ne4 13.Qc2 Bf5 14.Bd3 Qh4 15.g3 Qf6
16.Nxe4 dxe4 17.Bxe5 exd3 18.Qc3 Qg6 19.f3 Rfd8 20.Rad1 Bc8 21.Rf2 Ba6 22.Bd4 Rd5
23.e4 Rd7 24.Bc5 Qh5 25.Bd4 Qh6 26.Bxg7 Qxg7 27.Qxc6 Rad8 28.Qxa6 d2 29.f4 Rd3
30.e5 Qg4 31.Rff1 Rxg3+ 32.hxg3  1/2-1/2

[Event "Moscow5-B"]
[Site "Moscow"]
[Date "1991.??.??"]
[Round "?"]
[White "Zoltek, Tadeusz"]
[Black "Vasiliev, Rustam N"]
[Result "0-1"]
[WhiteElo "2315"]
[BlackElo "2305"]

1.Nf3 c5 2.c4 Nf6 3.Nc3 b6 4.g3 Bb7 5.Bg2 e6 6.O-O Be7 7.Re1 O-O 8.e4 d6
9.d4 cxd4 10.Nxd4 Qd7 11.b3 Nc6 12.Nxc6 Bxc6 13.Ba3 Rfd8 14.Qe2 Bf8 15.Rad1 Qb7
16.Rd2 a6 17.Red1 Ne8 18.f4 b5 19.cxb5 axb5 20.Bb4 g6 21.f5 Bh6 22.Rd3 Bg7
23.fxe6 fxe6 24.Kh1 Be5 25.Qg4 Qe7 26.a3 Rd7 27.Nb1 Nc7 28.Nd2 Na6 29.Bh3 Re8
30.Bc3 Nc5 31.Re3 Bxc3 32.Rxc3 Qg7 33.Rdc1 Qd4 34.Qe2 Rf7 35.Qe3 e5 36.Kg1 Bxe4
37.Nxe4 Nxe4 38.Qxd4 exd4 39.Rc8 Rxc8 40.Bxc8 Nc3 41.Kg2 Ra7 42.Be6+ Kg7
43.a4 bxa4 44.bxa4 Rxa4 45.Rf1 Ra7 46.Rf4 Re7 47.Bc4 d5 48.Bd3 Ne4 49.Kf3 Ng5+
50.Kg2 Ne6 51.Rf2 Nc5 52.Bb5 d3 53.h4 Ne4 54.Rf3 d2 55.Ba4 Ra7  0-1

[Event "Russian Winter op"]
[Site "Moscow"]
[Date "1991.??.??"]
[Round "?"]
[White "Utemov, Vladimir"]
[Black "Rogozenko, Dorin"]
[Result "0-1"]
[WhiteElo "2425"]
[BlackElo "2315"]

1.Nf3 Nf6 2.c4 c5 3.Nc3 e6 4.g3 b6 5.Bg2 Bb7 6.O-O Be7 7.d4 cxd4 8.Qxd4 d6
9.Bg5 a6 10.Bxf6 Bxf6 11.Qd3 Ra7 12.Rfd1 Be7 13.Nd4 Bxg2 14.Kxg2 Qc8 15.Rac1 O-O
16.Ne4 Rc7 17.Rc2 Nc6 18.Nxc6 Rxc6 19.Rdc1 Qb7 20.Qf3 Rfc8 21.Rc3 Qd7 22.h4 f5
23.Nd2 Bf6 24.R3c2 d5 25.Qd3 Qc7 26.b3 b5 27.cxb5 Rxc2 28.b6 Qc3 29.Rxc2 Qxc2
30.b7 Qc6 31.bxc8=Q+ Qxc8 32.Nf3 Kf7 33.b4 Qc4 34.Qxc4 dxc4 35.Ne1 e5 36.f3 e4
37.fxe4 fxe4 38.Nc2 Ke6 39.Ne3 c3 40.h5 Be7 41.Nc2 Kf5 42.Kf2 Bd8 43.Ne3+ Kg5
44.Ke1 Bc7 45.Nd5 Bxg3+ 46.Kd1 Kxh5 47.a4 Kg4 48.a5 h5 49.b5 axb5 50.a6 Bb8
51.Nxc3 Kg3 52.Nxe4+ Kf4 53.Nc3 h4 54.Ke1 b4 55.Nd5+ Kg3 56.Kf1 b3 57.Kg1 Be5
58.Ne3 Bd4 59.Kh1 Bxe3 60.a7  0-1

[Event "Russian Winter op"]
[Site "Moscow"]
[Date "1991.??.??"]
[Round "?"]
[White "Cherniak, L."]
[Black "Magerramov, Elmar"]
[Result "0-1"]
[WhiteElo "2415"]
[BlackElo "2525"]

1.Nf3 Nf6 2.c4 c5 3.Nc3 e6 4.g3 Nc6 5.Bg2 d5 6.cxd5 Nxd5 7.O-O Be7 8.Nxd5 exd5
9.d4 O-O 10.dxc5 Bxc5 11.Bg5 Qd7 12.Ne1 d4 13.Nd3 Bb6 14.Rc1 Re8 15.Re1 Qf5
16.Bd2 Be6 17.Qa4 Rad8 18.Nf4 Bc8 19.Bh3 Qe5 20.Nd3 Qh5 21.Nf4 Qg5 22.Bxc8 Rxc8
23.Qc2 Qg4 24.Qd3 Rcd8 25.h3 Qd7 26.Kg2 h6 27.Qb3 Re4 28.Qd3 Rde8 29.e3 R8e7
30.Rcd1 dxe3 31.Bxe3 Qxd3 32.Rxd3 Nb4 33.Rc3 g5 34.Nd3 Bxe3 35.Nxb4 Rxb4
36.Rexe3 Rxe3 37.Rxe3 Rxb2 38.Re7 a5 39.a4 Kg7 40.Rd7 Rb4 41.Rd5 b6 42.Rd6 h5
43.h4 gxh4 44.gxh4 Rxh4 45.Rxb6 Rxa4 46.Rb5 Kg6 47.f4 f6 48.Kg3 Ra1 49.Kh4 a4
50.Ra5 a3  0-1

[Event "Moscow4"]
[Site "Moscow"]
[Date "1991.??.??"]
[Round "?"]
[White "Zakharov, Alexander V"]
[Black "Utemov, Vladimir"]
[Result "0-1"]
[WhiteElo "2380"]
[BlackElo "2425"]

1.Nf3 c5 2.c4 Nf6 3.Nc3 e6 4.g3 b6 5.Bg2 Bb7 6.O-O Be7 7.b3 d6 8.Bb2 Nbd7
9.e3 O-O 10.d4 Ne4 11.Qc2 Nxc3 12.Bxc3 Nf6 13.d5 exd5 14.Ng5 h6 15.Bxf6 hxg5
16.Bb2 Rb8 17.cxd5 Ba6 18.Rfe1 Bf6 19.e4 Re8 20.Rad1 Rc8 21.Bh3 Rc7 22.e5 dxe5
23.d6 Rd7 24.Qd2 Bb7 25.Bg4 Qc8 26.f3 Qc6 27.Bxd7 Qxd7 28.Re3 g4 29.Rde1 gxf3
30.Bxe5 f2+ 31.Kxf2 Qc6 32.Ke2 Bxe5 33.d7 Rd8 34.Rxe5 Qf3+  0-1

[Event "Russian Winter op"]
[Site "Moscow"]
[Date "1991.??.??"]
[Round "?"]
[White "Mishuchkov, Nikolai M"]
[Black "Manakova, Maria"]
[Result "1-0"]
[WhiteElo "2420"]
[BlackElo "2035"]

1.Nf3 c5 2.c4 Nf6 3.Nc3 d5 4.cxd5 Nxd5 5.e3 e6 6.Qa4+ Nd7 7.Nxd5 exd5 8.d4 Qb6
9.Be2 c4 10.O-O Bd6 11.b3 cxb3 12.axb3 O-O 13.Ba3 Nf6 14.Ne5 Bf5 15.Bxd6 Qxd6
16.Rfc1 Ne4 17.Qa5 h6 18.f3 Nf6 19.Qa3 Qb6 20.b4 Nd7 21.Nxd7 Bxd7 22.Rc5 Qe6
23.Rc7 Qd6 24.Rc3 Bf5 25.Rac1 Qe6 26.Kf2 Rfe8 27.Qb3 Re7 28.g3 a6 29.Rc7 Rae8
30.Rxe7 Qxe7 31.Rc5 b6 32.Rc3 Qb7 33.Qa3 a5 34.bxa5 bxa5 35.Qxa5 Ra8 36.Qb5 Qxb5
37.Bxb5 Ra2+ 38.Be2 Bd7 39.Ke1 Ra1+ 40.Kf2 Rh1 41.Kg2 Re1 42.Kf2 Rh1 43.h4 Rh2+
44.Ke1 Rg2 45.Rc7 Be6 46.g4 h5 47.gxh5 Rh2 48.f4 Rxh4 49.Bf3 Rh3 50.Kf2 Rh2+
51.Kg3 Ra2 52.f5 Bxf5 53.Bxd5  1-0

[Event "Moscow5-B"]
[Site "Moscow"]
[Date "1991.??.??"]
[Round "?"]
[White "Zoltek, Tadeusz"]
[Black "Doghri, Nabil"]
[Result "1/2-1/2"]
[WhiteElo "2315"]
[BlackElo "2280"]

1.Nf3 Nf6 2.c4 e6 3.Nc3 c5 4.g3 Nc6 5.Bg2 d5 6.cxd5 Nxd5 7.O-O Be7 8.Nxd5 exd5
9.d4 O-O 10.dxc5 Bxc5 11.Ng5 Bd4 12.Qb3 h6 13.Nh3 Bb6 14.Nf4 Nd4 15.Qd1 Bg4
16.h3 Be6 17.e3 Nc6 18.Bxd5 Bxd5 19.Nxd5 Re8 20.Nxb6 Qxb6 21.b3 Rad8 22.Qh5 Re5
23.Qf3 Red5 24.Bb2 Qb4 25.Qg4 Qxg4 26.hxg4 Rg5 27.Rfd1 Rxd1+ 28.Rxd1 Rxg4
29.Rd7 Rb4 30.Bc3 Rb5 31.Kf1 Rc5 32.Bd4 Rc1+ 33.Kg2 b6 34.a3 Kf8 35.b4 Nxd4
36.exd4 Rd1 37.Rxa7 Rxd4 38.Rb7 Rd3 39.a4 Ra3 40.Ra7 g5 41.g4 b5 42.a5  1/2-1/2

[Event "New York op"]
[Site "New York"]
[Date "1991.??.??"]
[Round "3"]
[White "Fishbein, Alexander"]
[Black "Kudrin, Sergey"]
[Result "1/2-1/2"]
[WhiteElo "2465"]
[BlackElo "2510"]

1.Nf3 Nf6 2.c4 c5 3.Nc3 b6 4.d4 cxd4 5.Nxd4 Bb7 6.f3 d6 7.e4 e6 8.Be2 Be7
9.Qa4+ Nfd7 10.O-O O-O 11.Be3 a6 12.Rfd1 Qc7 13.Rac1 Nf6 14.b4 Nbd7 15.Kh1 Rfe8
16.Qb3 Rac8 17.a4 Qb8 18.Bg1 Kh8 19.Rb1 g5 20.a5 bxa5 21.bxa5 Ba8 22.Na4 Qxb3
23.Nxb3 g4 24.Nb6 Rc7 25.Nxa8 Rxa8 26.fxg4 Rb8 27.Nd2 Rcb7 28.Rxb7 Rxb7 29.g5 Ne8
30.h4 Bd8 31.Ra1 Kg8 32.Ra2 Nc7 33.Bd1 h6 34.Ba4 Ne5 35.gxh6 Bxh4 36.Nf3 Bg3
37.Nxe5 Bxe5 38.Bc2 Kh7 39.Be3 Rb4  1/2-1/2

[Event "New York op"]
[Site "New York"]
[Date "1991.??.??"]
[Round "4"]
[White "Lautier, Joel"]
[Black "Jonasson, Benedikt"]
[Result "1-0"]
[WhiteElo "2550"]
[BlackElo "2295"]

1.c4 Nf6 2.Nc3 c5 3.Nf3 g6 4.d4 cxd4 5.Nxd4 Nc6 6.e4 Bg7 7.Be3 O-O 8.Be2 b6
9.O-O Bb7 10.Nc2 Rc8 11.f3 d6 12.Qd2 Nd7 13.Rac1 a5 14.Na3 Nc5 15.Nab5 Nb4
16.Rfd1 Ra8 17.Bd4 Qb8 18.Bxg7 Kxg7 19.Qe3 Nba6 20.Nd5 Bxd5 21.cxd5 Qb7 22.f4 Nc7
23.Nd4 b5 24.Nc6 Rfe8 25.Bf3 b4 26.e5 Nb5 27.f5 f6 28.e6 Qb6 29.Be2 g5 30.h4 h6
31.Kh1 Na7 32.Nd4 Rg8 33.b3 Kh7 34.Kh2 Qb7 35.Bc4 Rg7 36.hxg5 Rxg5 37.Nf3 Rg4
38.Rd4 Rag8 39.Rxg4 Rxg4 40.Rh1 Ne4 41.Kg1 Ng5 42.Nd2 Qc7 43.Kf2 Qc5 44.Qxc5 dxc5
45.d6 Nc6 46.Bb5 Rd4 47.Ke3 Rxd6 48.Nc4 Rd5 49.Bxc6 Rxf5 50.g4  1-0

[Event "New York op"]
[Site "New York"]
[Date "1991.??.??"]
[Round "7"]
[White "Ehlvest, Jaan"]
[Black "Kudrin, Sergey"]
[Result "1/2-1/2"]
[WhiteElo "2650"]
[BlackElo "2510"]

1.Nf3 c5 2.c4 Nf6 3.Nc3 b6 4.e4 d6 5.d4 cxd4 6.Nxd4 Bb7 7.Qe2 e6 8.g3 Be7
9.Bg2 a6 10.O-O Qc7 11.Be3 O-O 12.Rac1 Re8 13.h3 Nbd7 14.g4 h6 15.f4 Nh7
16.b3 Rac8 17.Kh1 Qb8 18.Nf3 Bf6 19.Bd2 Nc5 20.Nh2 Qa8 21.Rfe1 Bh4 22.Red1 Bf6
23.Re1 Bh4 24.Red1  1/2-1/2

[Event "Nimes op"]
[Site "Nimes"]
[Date "1991.??.??"]
[Round "1"]
[White "Gavrikov, Viktor"]
[Black "Esain Manresa, Miguel"]
[Result "1-0"]
[WhiteElo "2580"]
[BlackElo "2280"]

1.c4 Nf6 2.Nc3 c5 3.Nf3 g6 4.d4 cxd4 5.Nxd4 b6 6.e4 d6 7.Be2 Bg7 8.O-O O-O
9.Bf3 Bg4 10.Bxg4 Nxg4 11.Bg5 Ne5 12.b3 Nf3+ 13.gxf3 h6 14.Be3  1-0

[Event "NOR-ch"]
[Site "NOR"]
[Date "1991.??.??"]
[Round "9"]
[White "Ostenstad, Berge"]
[Black "Tisdall, Jonathan D"]
[Result "1/2-1/2"]
[WhiteElo "2475"]
[BlackElo "2435"]

1.Nf3 c5 2.c4 Nf6 3.Nc3 b6 4.e4 d6 5.d4 cxd4 6.Nxd4 e6 7.Be2 Bb7 8.Qc2 Be7
9.f4 Nbd7 10.f5 e5 11.Nb3 Rc8 12.Bd3 a6 13.a4 O-O 14.O-O h6 15.Qe2 Re8 16.Kh1 Nb8
17.Be3 Nc6 18.Nd5 Nxd5 19.exd5 e4 20.dxc6 exd3 21.Qxd3  1/2-1/2

[Event "URS Army-ch"]
[Site "Odessa"]
[Date "1991.??.??"]
[Round "?"]
[White "Cherniak, L."]
[Black "Totsky, Leonid"]
[Result "1/2-1/2"]
[WhiteElo "2415"]
[BlackElo "2300"]

1.Nf3 Nf6 2.c4 e6 3.Nc3 c5 4.g3 b6 5.Bg2 Bb7 6.O-O Be7 7.d4 cxd4 8.Qxd4 d6
9.b3 Nbd7 10.Nb5 Nc5 11.Rd1 Nfe4 12.Qxg7 Bf6 13.Qh6 Bxa1 14.Ng5 Be5 15.f4 a6
16.fxe5 axb5 17.Nxe4 Nxe4 18.Bxe4 Bxe4 19.Qg7 d5 20.Qxh8+ Kd7 21.Qg7 bxc4
22.Qxf7+  1/2-1/2

[Event "URS Army-ch"]
[Site "Odessa"]
[Date "1991.??.??"]
[Round "?"]
[White "Cherniak, L."]
[Black "Karasev, Vladimir I"]
[Result "0-1"]
[WhiteElo "2415"]
[BlackElo "2365"]

1.Nf3 Nf6 2.c4 c5 3.Nc3 e6 4.g3 b6 5.Bg2 Bb7 6.O-O Be7 7.d4 cxd4 8.Qxd4 d6
9.b3 a6 10.Ba3 Nc6 11.Qf4 Qc7 12.Rfd1 Ne5 13.Nxe5 dxe5 14.Qc1 Bxg2 15.Kxg2 O-O
16.Bxe7 Qxe7 17.Qe3 Qc7 18.f3 Rab8 19.Rac1 h6 20.Rd3 Rfc8 21.Ne4 Nd5 22.Qd2 f5
23.Nc3 Nf6 24.Rd6 Kf7 25.e4 Nd5 26.Rxd5 exd5 27.Qxd5+ Kf8 28.Qe6 Qf7 29.Qxe5 fxe4
30.Nxe4 Re8 31.Qd6+ Kg8 32.Rd1 Rf8 33.Qd5 Rbd8 34.Nd6 Qxd5 35.Rxd5 Rd7 36.a4 Rfd8
37.Nf5 Rxd5 38.Ne7+ Kf7 39.Nxd5 Ke6 40.Kf2 Kd6 41.Ke3 Kc5 42.Nc7 Kb4 43.Nxa6+ Kxb3
44.Nc7 Kxc4 45.Ke4 Rd7 46.Ne6 Re7 47.Ke5 Kb4 48.f4 Kxa4 49.f5 b5 50.Kd6 Rf7
51.g4 b4 52.Ke5 Kb5 53.Nd4+ Kc4 54.Nc6 Rf6 55.Nxb4 Kxb4 56.h4 Kc5 57.g5 hxg5
58.hxg5 Rd6 59.f6 Rd5+ 60.Ke4  0-1

[Event "Oslo Elitecup"]
[Site "Oslo"]
[Date "1991.??.??"]
[Round "3"]
[White "Ostenstad, Berge"]
[Black "Elseth, Roar"]
[Result "1-0"]
[WhiteElo "2475"]
[BlackElo "2335"]

1.Nf3 Nf6 2.c4 c5 3.Nc3 e6 4.g3 d5 5.cxd5 Nxd5 6.Bg2 Nc6 7.O-O Be7 8.d4 O-O
9.e4 Ndb4 10.dxc5 Bxc5 11.e5 Nd4 12.Ne4 Nxf3+ 13.Qxf3 Be7 14.Rd1 Qa5 15.Nf6+ Kh8
16.Qf4 Nd5 17.Nxd5 exd5 18.Bd2 Qb5 19.Bc3 Be6 20.Bd4 b6 21.Rac1 Rac8 22.Qd2 Bb4
23.Qe3 Rfd8 24.Qb3 Qa5 25.Rxc8 Rxc8 26.a3 Be7 27.Qe3 Qa4 28.Bf3 h6 29.Kg2 Kg8
30.h4 Bc5 31.Rd2 Qd7 32.Be2 Be7 33.Qb3 Qc6 34.Ba6 Rc7 35.Qd3 h5 36.Bb5 Qb7
37.f3 Qc8 38.Ba6 Qd7 39.Qb5 Qd8 40.b4 g6 41.Qe2 Qd7 42.Rc2 Rc6 43.Bd3 Qc8
44.Rxc6 Qxc6 45.Qc2 Qxc2+ 46.Bxc2 Bd7 47.Kf2 Kf8 48.Ke3 Bd8 49.Bd3 Bc8 50.Kd2 Ke7
51.Kc3 Bc7 52.Bf1 Bd7 53.Kd2 Bc8 54.Ke3 Bd7 55.Bc3 Bc8 56.Kd4 b5 57.Ke3 Bd7
58.Bd4 Ke8 59.Bd3 a6 60.Kf4 Bd8 61.Bc5 Be6 62.Ke3 Kd7 63.Kd4 Kc6 64.Bc2 a5
65.f4 axb4 66.axb4 Bc7 67.Bd1 Bb8 68.Bf3 Bc7 69.f5 gxf5 70.Bxh5 f4 71.gxf4 Bd8
72.f5 Bxf5 73.Bxf7 Bxh4 74.Be8+ Kc7 75.Kxd5 Bd3 76.Bd6+ Kd8 77.Bh5 Bg3 78.Kc6 Bh4
79.Bg4 Bc4 80.Bd7 Bg5 81.e6 Bh4 82.e7+  1-0

[Event "Oslo Elitecup"]
[Site "Oslo"]
[Date "1991.??.??"]
[Round "5"]
[White "Ogaard, Leif"]
[Black "Elseth, Roar"]
[Result "1-0"]
[WhiteElo "2415"]
[BlackElo "2335"]

1.Nf3 Nf6 2.c4 c5 3.Nc3 e6 4.e3 Nc6 5.d4 d5 6.a3 a6 7.dxc5 Bxc5 8.b4 Ba7
9.Bb2 O-O 10.Qc2 dxc4 11.Bxc4 Qe7 12.O-O Bd7 13.Ne4 Nxe4 14.Qxe4 Rac8 15.Rfd1 Rfd8
16.Qg4 e5 17.Qh5 Be8 18.Bd5 Bb8 19.Be4 g6 20.Qh6 f6 21.Bd5+ Bf7 22.e4 Bxd5
23.exd5 Na7 24.Qe3 Rd7 25.Rd2 Qf7 26.Rad1 Nb5 27.a4 Nd6 28.Qe2 Nc4 29.Rc2 b5
30.axb5 axb5 31.Nd2 Qxd5 32.Rdc1 Rdc7 33.Ne4 Qf7 34.Ba1 Rc6 35.g4 Qe7 36.Qf3 Kg7
37.Rd1 Qf7 38.Rc3 f5 39.Ng3 f4 40.Ne4 h6 41.Rcd3 Qf8 42.Rd7+ Kg8 43.Qd3 Nb6
44.Qb3+ Rc4 45.Rb7 Bc7 46.Nd6 Bxd6 47.Rxb6 Bb8 48.Rxg6+ Kh7 49.Qd3 e4 50.Qd7+ Kxg6
51.Qe6+  1-0

[Event "Palma de Mallorca op"]
[Site "Palma de Mallorca"]
[Date "1991.??.??"]
[Round "?"]
[White "Illescas Cordoba, Miguel"]
[Black "Urday, Henry"]
[Result "1-0"]
[WhiteElo "2545"]
[BlackElo "2480"]

1.Nf3 Nf6 2.c4 e6 3.Nc3 c5 4.g3 b6 5.Bg2 Bb7 6.O-O d6 7.d4 cxd4 8.Qxd4 a6
9.Rd1 Nbd7 10.Ng5 Bxg2 11.Kxg2 Qc7 12.Nge4 Rc8 13.b3 Qb7 14.f3 Rc6 15.Ba3 Nxe4
16.Nxe4 Nc5 17.Nf2 a5 18.Ne4 Nxe4 19.Qxe4 Qd7 20.Bb2 f6 21.Rd3 Be7 22.Rad1 f5
23.Qf4 O-O 24.a4 Rd8 25.e4 fxe4 26.Qxe4 Bf8 27.Bc1 Qc8 28.Bg5 Re8 29.Bf4 Rd8
30.Be3 Kh8 31.Bf2 Re8 32.Qg4 Rd8 33.R1d2 Kg8 34.Qg5 Qd7 35.Qb5 Re8 36.Re2 Qb7
37.Rxe6 Rxe6 38.Qd5 Qf7 39.Qxc6 Re5 40.Re3 Rh5 41.g4 Rc5 42.Qxb6 h5 43.h3 hxg4
44.hxg4 d5 45.Re5  1-0

[Event "Palma de Mallorca op"]
[Site "Palma de Mallorca"]
[Date "1991.??.??"]
[Round "?"]
[White "Calvo Minguez, Ricardo"]
[Black "Gil Reguera, Juan Carlos"]
[Result "0-1"]
[WhiteElo "2375"]
[BlackElo "2400"]

1.Nf3 c5 2.c4 Nf6 3.Nc3 b6 4.e3 g6 5.d4 Bg7 6.Be2 O-O 7.O-O d6 8.b3 e6 9.Bb2 Qe7
10.Qd2 Bb7 11.Rfd1 Rd8 12.Rac1 Nbd7 13.Rc2 Ne8 14.Qc1 f5 15.Rcd2 Ndf6 16.Qa1 h6
17.dxc5 bxc5 18.Ne1 e5 19.Nd5 Nxd5 20.cxd5 Nf6 21.Bc4 Kh7 22.Nc2 a5 23.f3 Rdb8
24.Bc3 Ba6 25.Rb1 Qe8 26.Na3 Bc8 27.Qb2 a4 28.Qc1 e4 29.f4 g5 30.Be2 axb3
31.axb3 Qe7 32.Nc4 Ba6 33.Qf1 Kg6 34.Na5 Bxe2 35.Qxe2 Rb6 36.Qc4 gxf4 37.exf4 Ng4
38.Nc6 Qh4 39.g3 Qh5 40.Bxg7 Kxg7 41.b4 Kh7 42.b5 Ra3 43.Qe2 Rb7 44.Ra2 Rf3
45.b6 Rf2 46.Qxf2 Nxf2 47.Rxf2 e3 48.Rg2 Rxb6 49.Re1 Qf3 50.Ne7  0-1

[Event "Pamplona op"]
[Site "Pamplona"]
[Date "1991.??.??"]
[Round "?"]
[White "Urday, Henry"]
[Black "Fernandez, Juan Luis"]
[Result "1/2-1/2"]
[WhiteElo "2480"]
[BlackElo "2315"]

1.c4 Nf6 2.Nf3 g6 3.Nc3 c5 4.g3 Bg7 5.Bg2 O-O 6.O-O Nc6 7.d4 cxd4 8.Nxd4 Ng4
9.Nc2 d6 10.Nd5 Bd7 11.h3 Nf6 12.Nxf6+ Bxf6 13.Ne3 Bg7 14.Rb1 a5 15.b3 Rb8
16.a4 Nb4 17.Bb2 Bxb2 18.Rxb2 Bc6 19.Qd4 Rc8 20.Rd1 Bxg2 21.Kxg2 Rc5 22.Ng4 Rh5
23.Rbd2 Qc8 24.f4 Qc6+ 25.e4 f5 26.Nf2 fxe4 27.Qxe4 Rhf5 28.Re1 h5 29.Nd3 Qxe4+
30.Rxe4 Nxd3 31.Rxd3 R8f7 32.Re6 Rg7 33.Rde3 Kf8 34.h4 Rc5 35.Kf3 Rc7 36.Rd3 Kf7
37.Re4 Rc5 38.Red4 Rg8 39.Rd5 Rgc8 40.Ke4 R8c6 41.f5 gxf5+ 42.Rxf5+ Rxf5
43.Kxf5  1/2-1/2

[Event "CSR-chJ"]
[Site "Pardubice"]
[Date "1991.??.??"]
[Round "?"]
[White "Jirovsky, Milos"]
[Black "Dudas, Jan"]
[Result "0-1"]
[WhiteElo "2305"]
[BlackElo "2290"]

1.Nf3 Nf6 2.c4 c5 3.Nc3 e6 4.g3 b6 5.Bg2 Bb7 6.O-O Be7 7.b3 O-O 8.d4 cxd4
9.Qxd4 d6 10.Rd1 a6 11.Ba3 Nc6 12.Qf4 d5 13.cxd5 Nxd5 14.Nxd5 Bxa3 15.Nc7 e5
16.Rxd8 exf4 17.Rxa8 Bxa8 18.gxf4 Bb7 19.Rd1 Rc8 20.Nd5 Bc5 21.Ne1 b5 22.Nd3 Bd6
23.Nb6 Rd8 24.Rc1 Nd4 25.Bf1 Re8 26.Nc5 Bxc5 27.Rxc5 Nxe2+ 28.Bxe2 Rxe2 29.Kf1 Re6
30.Re5 Rxe5 31.fxe5 Bc6 32.Ke2 Kf8 33.Ke3 Ke7 34.Kd4 Ke6 35.b4 Bb7 36.a4 h5
37.axb5 axb5 38.Kc5 Kxe5 39.Kxb5 g5 40.Nd7+ Kd6 41.Nf6 h4 42.Kb6 Bf3 43.b5 Ke7
44.Ng8+ Ke6 45.Kc7 f5 46.b6 g4 47.Nh6 Kf6 48.Ng8+ Ke6 49.Nh6 h3 50.b7 Bxb7
51.Kxb7 Kf6 52.Kc6 Kg6  0-1

[Event "Paris-ch"]
[Site "Paris"]
[Date "1991.??.??"]
[Round "1"]
[White "Hartereau, Philippe"]
[Black "Kiss, Laszlo"]
[Result "1/2-1/2"]
[WhiteElo "2170"]
[BlackElo "2275"]

1.Nf3 c5 2.c4 Nf6 3.Nc3 g6 4.e4 Nc6 5.d4 cxd4 6.Nxd4 Nxd4 7.Qxd4 d6 8.Be2 Bg7
9.Be3 O-O 10.Qd2 Ng4 11.Bxg4 Bxg4 12.O-O a6 13.Nd5 Rc8 14.Rac1 Be6 15.Nb6 Rc6
16.Qb4 f5 17.exf5 Rxf5 18.Rfd1 Qc7 19.h3 Re5 20.Nd5 Bxd5 21.cxd5 Rxc1 22.Rxc1 Qd7
23.Qb3 Qb5 24.Qxb5 axb5 25.Rd1 Re4 26.b3 Bc3 27.Kf1 Kf7 28.Ke2 Re5 29.f4 Rh5
30.Rd3 Bf6 31.Kf3 e5 32.Bd2 exf4 33.Bxf4 Be5 34.Bd2 Rf5+ 35.Ke2 Ke7 36.g4 Rf8
37.Bg5+ Kd7 38.Rf3 Rxf3 39.Kxf3 Ke8 40.Ke4 Kf7 41.Be3 Kf6 42.a4 bxa4 43.bxa4 Ke7
44.Bf4 Bf6 45.Kd3 Kd7 46.Kc4 Be7 47.Kb5 Bd8 48.Bg3 Bc7 49.Bh4 Kc8 50.Bg5 Kd7
51.Bf6 Kc8 52.h4 Kd7 53.h5 Kc8 54.Bd4 Bd8 55.Be3 Kd7 56.Bf4 Bc7 57.a5 Bd8
58.Bg3 Kc7 59.Bf2 Kd7 60.Be3 Be7 61.Bd2 Bd8 62.Bc3 Kc7 63.hxg6 hxg6 64.a6 bxa6+  1/2-1/2

[Event "Paris-ch"]
[Site "Paris"]
[Date "1991.??.??"]
[Round "3"]
[White "Hartereau, Philippe"]
[Black "Harlin, Henri"]
[Result "1-0"]
[WhiteElo "2170"]
[BlackElo "2260"]

1.Nf3 Nf6 2.c4 c5 3.Nc3 g6 4.e4 d6 5.d4 cxd4 6.Nxd4 Bg7 7.Be2 O-O 8.O-O b6
9.Be3 Bb7 10.f3 Nbd7 11.Qd2 Re8 12.Rac1 a6 13.Rfd1 Rc8 14.Nc2 Qc7 15.Ne1 Qb8
16.Nd5 Bc6 17.Nd3 b5 18.N3b4 bxc4 19.Nxc6 Rxc6 20.Bxc4 Ne5 21.Nxf6+ Bxf6
22.Bxf7+ Kxf7 23.Rxc6 Nxc6 24.Qd5+ e6 25.Qxc6 Qxb2 26.Qxa6 Qc3 27.Qb7+ Re7
28.Qb3 Qa5 29.Bb6 Qe5 30.a4 Rb7 31.Qe3 Bg5 32.f4 Bxf4 33.Rf1 Kg7 34.Qf2 Bxh2+
35.Kh1 Bg3 36.Qf8+  1-0